[Event "FIDE World Cup"]
[Site "Khanty-Mansiysk"]
[Date "2011.08.28"]
[Round "1.1"]
[White "Socko, Bartosz"]
[Black "Bologan, Viktor"]
[Result "0-1"]
[WhiteElo "2631"]
[BlackElo "2678"]
[Annotator "Bologan,V"]
[PlyCount "84"]
[EventDate "2011.08.28"]
[EventType "k.o."]
[EventRounds "7"]
[EventCountry "RUS"]
[SourceTitle "CBM 145"]
[Source "ChessBase"]
[SourceDate "2011.11.11"]
[SourceVersion "1"]
[SourceVersionDate "2011.11.11"]
[SourceQuality "1"]

1. d4 Nf6 2. c4 e6 3. Nc3 Bb4 {Preparing for the World Cup is more like
preparing for a lottery. Either you buy a lot of tickets and you increase your
theoretical chances, or else you buy only one but the lucky ticket. Of course,
nobody on the top level in chess believes in luck, so you simply have to
prepare all possible openings one by one...} 4. Qc2 O-O 5. a3 Bxc3+ 6. Qxc3 b6
7. Nf3 {A solid positional line more schematic then concrete. It is part of
the white repertoire of such strong players as Karpov and Dreev.} Bb7 8. e3 d6
{Usually I've played ...d5 here, but I decided to come up with a surprise.} 9.
Be2 ({Another setup is} 9. b4 Nbd7 10. Bb2 Ne4 11. Qc2 f5 12. Bd3 Ndf6 13. O-O
Ng4 14. h3 Ngf6 15. Nd2 Nxd2 16. Qxd2 Ne4 17. Qe1 Qg5 18. f3 Ng3 19. Rf2 a5 {
with a slightly inferior but holdable position for Black.}) 9... Nbd7 10. O-O (
{On} 10. b3 {Black would continue in the same manner as after b4:} Ne4 11. Qc2
f5 (11... c5 {is also possible} 12. Bb2 Rc8 13. O-O cxd4 14. Nxd4 e5 15. Bf3
Ndc5 16. Nb5 a6 17. Nc3 Nxc3 18. Bxb7 Nxb7 19. Bxc3 Qc7 $11 {Khurtsidze N -
Melia S/2011 68th ch-GEO w}) 12. Bb2 Ndf6 13. O-O Ng4 14. h3 Ngf6 {and now it
will be not easy to move away the black knight from e4 because of the weak
g3-square.}) 10... Ne4 11. Qc2 f5 12. b4 Rf6 {This looks a bit adventurous,
but practice shows that White has to be careful about this rook.} 13. d5 Rg6 (
13... exd5 14. cxd5 Bxd5 15. Bb2 Rg6 16. Rfd1 $1 {transposing into the
position discussed below.}) 14. Bb2 ({Preparing for this line I was mainly
focused on} 14. Nd4 Qg5 15. g3 Ne5 {and in all lines Black holds at least a
draw} 16. Nxe6 (16. Nf3 Qe7 17. Nxe5 dxe5 18. Rd1 exd5 19. cxd5 c6 $11 {
Dobrov Vladimir - Yakovich Yuri, Moscow 2/3/2007 It (open)}) 16... Rxe6 17.
dxe6 Qg6 18. Rd1 (18. Qb3 Ng4 19. e7 Nxh2 20. c5+ Kh8 21. c6 Nxg3 22. cxb7 Nf3+
23. Bxf3 Ne2+ {=}) 18... Ng5 19. Rd5 Nef3+ 20. Bxf3 Nxf3+ 21. Kf1 Qg4 (21...
Nxh2+ 22. Kg1 (22. Ke2 Qg4+ 23. Kd2 Bxd5 $5 24. cxd5 Rc8) 22... Nf3+ 23. Kf1
Nh2+ {Bocharov Dmitry - Lysyj Igor, Moscow 2/22/2007 It (open) "Aeroflot"} 24.
Kg1 Nf3+ 25. Kf1 Nh2+ {=}) 22. Bb2 Qh3+ 23. Ke2 Qg4 24. Kf1 Qh3+ 25. Ke2 {
1/2-1/2, Savina A - Demina J, 6/1/2009 59th ch-RUS w HL}) 14... c5 ({First I
thought that taking the pawn is possible:} 14... exd5 15. cxd5 Bxd5 16. Rfd1 $1
{with the idea of sacrificing on d5. Tiviakov's game continued} (16. Bc4 Bxc4
17. Qxc4+ Kh8 18. Qc6 Ne5 19. Bxe5 dxe5 20. Qb5 Qe8 21. Qxe5 Qxe5 22. Nxe5 Re6
23. f4 Kg8 $11 {Iturrizaga E - Tiviakov S, 11/23/2009 World Cup}) 16... c6 17.
Rxd5 cxd5 18. Qd3 $44 {with long term compensation for the exchange.}) 15. Rad1
(15. dxc6 Bxc6 16. Rfd1 Qe7 17. Ne1 Qh4 18. Bf1 Ng5 19. Rxd6 Nh3+ 20. Kh1 Nxf2+
21. Kg1 Nh3+ 22. Kh1 Nf2+ 23. Kg1 Ng4 $17 {Georgiev Kiril - Grischuk Alexander,
Crete 11/6/2007 Ch Europe (team)}) (15. dxe6 Nf8 16. bxc5 bxc5 17. Ne1 Qh4)
15... exd5 $1 $146 {The idea behind this move is to determine the pawn
structure which assures Black at least an even game.} (15... Qe7 16. g3 Rf8 17.
Ne1 exd5 18. cxd5 Ne5 19. Ng2 Rh6 20. f3 Nf6 21. bxc5 bxc5 22. Nf4 $14 {
Koneru Humpy - Muzychuk Anna, Ohrid (Macedonia)}) 16. cxd5 Rc8 17. Qb3 (17. Qa4
a6 18. b5 a5 19. Bc4 Qe7 $11) (17. b5 $5 {was interesting after which it is
difficult to find a reasonable plan for both sides} Qe7 18. Bc4 Qf7 19. Ne1 Ng5
$13) 17... a6 18. Nd2 Nxd2 ({During the game I was also considering} 18... Qg5
$5 {in order to provoke the weakness of the white diagonal, but was not sure
about it. Actually the computer likes it for Black:} 19. g3 b5 20. f4 Nxd2 21.
Rxd2 Qe7 22. Qd3 c4 23. Qd4 Nf6 24. Bf3 Re8 $15) 19. Rxd2 b5 20. Qd3 c4 $11 {
Doing away with the possibility of defending the d5-pawn from the a2-diagonal.}
21. Qd4 Nf6 22. Bf3 Qd7 {My plan for now is to establish the knight on e4 and
then to speculate with an attack on the kingside.} 23. Rc1 Re8 24. g3 Rh6 25.
Bg2 Ne4 26. Rdd1 Qf7 27. a4 $1 {It's important to create counterplay on the
queenside.} Re7 $3 {The most difficult move of the game. This position is
about maintaining the tension and we both have to combine attack and defence.
The idea of ...Re7 is to protect the bishop on b7 and the pawn on g7, freeing
the queen for the attack.} 28. axb5 axb5 29. f3 $4 {Been in an optimistic mood
about his position White completely underestimates the coming attack. It was
much better to continue holding with} (29. h4 Qh5 30. Re1 Qf7 31. Red1 $11 {
with an equal situation over board.}) ({If White decides to go for the pawn
with} 29. Qb6 Qh5 30. h4 Rg6 31. Qxb5 {Black can punish him with} c3 $1 32. Ba3
Nxg3 $3 33. fxg3 Rxg3 34. Rf1 Qg4 35. Rc2 Qe4 36. Re2 Bxd5 {with a strong
attack.}) 29... Qh5 $1 {I wouldn't even call this a sacrifice since Black's
attack is developing extremely fast.} 30. fxe4 (30. h3 Nxg3 $19) 30... Qxh2+
31. Kf2 fxe4 {White's position is completely lost, since he will have to give
the bishop back.} 32. Rc2 (32. Rg1 Rf7+ 33. Ke2 Rhf6 34. Kd2 Rf2+ 35. Kc3 Rxg2
$19) 32... Rf7+ 33. Ke1 Qxg3+ 34. Kd2 Rf2+ 35. Kc1 Rxc2+ 36. Kxc2 Qxg2+ 37. Rd2
Qg4 38. Rf2 Rh1 39. Qd2 Qg1 40. Bxg7 Qb1+ 41. Kc3 Rc1+ 42. Kd4 Rd1 0-1

[Event "URS-ch U26"]
[Site "Tbilisi"]
[Date "1989.??.??"]
[Round "?"]
[White "Shabalov, Alexander"]
[Black "Ulybin, Mikhail"]
[Result "1/2-1/2"]
[WhiteElo "2425"]
[BlackElo "2445"]
[Annotator "Bulletin"]
[PlyCount "83"]
[EventDate "1989.01.??"]
[EventType "tourn"]
[EventRounds "15"]
[EventCountry "URS"]
[EventCategory "9"]
[SourceTitle "CBM 012"]
[Source "ChessBase"]
[SourceDate "1989.10.01"]
[SourceVersion "1"]
[SourceVersionDate "1989.10.01"]
[SourceQuality "1"]

1. d4 e6 2. c4 Nf6 3. Nc3 Bb4 4. Qc2 O-O 5. a3 Bxc3+ 6. Qxc3 b6 7. Bg5 Bb7 8.
f3 $5 h6 $5 9. Bh4 d5 10. e3 Nbd7 11. Nh3 (11. cxd5 Nxd5 $5 12. Bxd8 Nxc3 {
Gurevich,M-Polugaevsky,L/New York op (8)/1989/1/2-1/2/20/ ->}) (11. Bd3 Rc8 12.
cxd5 Nxd5 $5 13. Bxd8 Nxc3 {Olafsson,H-Polugaevsky,L/New York op (4)/1989/1/
2-1/2/23/ ->}) 11... c5 12. cxd5 exd5 13. Bb5 Ne4 $5 (13... Qc7 14. O-O a6 15.
Bd3 Qd6 16. Qd2 $14 {Petursson,M-Psakhis,L/Lugano op/1989/ ->Turnierdiskette
1989/1}) 14. Bxd8 Nxc3 15. bxc3 Rfxd8 16. Kd2 {+/=/=} Nf6 17. Bd3 Ne8 18. Nf4
Nd6 19. h4 Rac8 20. Rhf1 cxd4 21. cxd4 Nc4+ 22. Bxc4 Rxc4 23. g4 Rdc8 24. Ra2
g5 25. Nd3 R4c7 26. hxg5 hxg5 27. Rc1 Rxc1 28. Nxc1 Kg7 29. Rc2 Rxc2+ 30. Kxc2
Kf6 31. Ne2 Ke6 32. Ng3 a5 33. Kc3 f6 34. f4 Bc6 35. Kd2 Kf7 36. f5 Ke7 37. Ne2
Bb5 38. Ng3 Bc4 39. Kc3 b5 40. Kc2 b4 41. axb4 axb4 42. Kb2 1/2-1/2

[Event "EU-chT (Men) 10th"]
[Site "Debrecen"]
[Date "1992.11.??"]
[Round "1.2"]
[White "Bareev, Evgeny"]
[Black "Brunner, Lucas"]
[Result "1-0"]
[WhiteElo "2635"]
[BlackElo "2500"]
[Annotator "Bulletin"]
[PlyCount "99"]
[EventDate "1992.11.20"]
[EventType "team-swiss"]
[EventRounds "9"]
[EventCountry "HUN"]
[SourceTitle "EU-chT"]
[Source "ChessBase"]
[SourceDate "1999.07.01"]
[SourceVersion "2"]
[SourceVersionDate "1999.07.01"]
[SourceQuality "1"]
[WhiteTeam "Russia"]
[BlackTeam "Switzerland"]
[WhiteTeamCountry "RUS"]
[BlackTeamCountry "SUI"]

1. d4 Nf6 2. c4 e6 3. Nc3 Bb4 4. Qc2 d6 5. Nf3 Nbd7 6. g3 b6 7. Bg2 Bb7 8. O-O
Bxc3 9. Qxc3 O-O 10. Rd1 Qe7 11. b4 c5 12. Ba3 (12. Bb2) 12... Rfc8 13. Rac1 h6
(13... cxd4 $1 14. Qxd4 (14. Nxd4 Ne5) 14... e5) 14. e3 Be4 (14... Rc7 $10) 15.
Qd2 Rc7 16. Qe2 Rac8 17. Bf1 Bb7 18. Nd2 Ba6 19. bxc5 bxc5 (19... dxc5 20. e4
$1 $16) 20. Nb3 cxd4 21. Rxd4 Ne8 22. Qd1 Rc6 (22... Ne5 23. Na5 $1 {/\} (23.
c5 Bxf1 24. cxd6 Rxc1 25. Nxc1 Qb7 26. Kxf1 Qh1+ 27. Ke2 Qf3+ $10 28. Ke1 Qh1+
29. Kd2 $2 Nf3+) 23... Nc6 24. Bxd6 Nxd6 25. Rxd6 Nxa5 26. Rxa6 Nxc4 27. Bxc4
Rxc4 28. Rxc4 Rxc4 29. Rxa7 $16) 23. Na5 Rb6 24. Bg2 Nc5 25. Nb3 Nf6 26. Nxc5
dxc5 27. e4 Qc7 28. Rd3 Rcb8 29. f3 (29. Qe1 $1 {/\ Qe3, /\ f3, e5+/-}) 29...
e5 30. Bf1 Bc8 31. Qe1 Be6 32. Qe3 Nd7 33. f4 (33. Rcd1 $10) 33... exf4 (33...
f5 $1 $15) 34. gxf4 f5 35. e5 g5 36. Re1 Bf7 37. fxg5 (37. h4 $1 $16) 37...
hxg5 38. Bg2 f4 39. Qe4 Re8 40. Rd5 Nf6 (40... Bxd5 41. Qxd5+ Ree6 (41... Rbe6
42. Bh3 Kf7 43. Qe4 Nf8 $10) 42. Bh3 Qc6 43. Bb2 $10) 41. Qf5 Nxd5 42. cxd5 Ra6
43. e6 Bxe6 (43... Rxa3 44. d6) 44. Qg6+ Kf8 45. Rxe6 Rexe6 46. dxe6 Rxa3 47.
Qf6+ Kg8 (47... Ke8 48. Bc6+ Qxc6 49. Qf7+ Kd8 50. e7+ Kc8 51. e8=Q+ Qxe8 52.
Qxe8+ Kc7 53. Qg6) 48. e7 Re3 49. Qg6+ Kh8 50. Qh6+ 1-0

[Event "YUG Cup"]
[Site "Ulcinj"]
[Date "1998.??.??"]
[Round "4"]
[White "Paunovic, Tomislav"]
[Black "Kurcubic, Aleksandar"]
[Result "1-0"]
[WhiteElo "2355"]
[BlackElo "2315"]
[Annotator "Bulletin"]
[PlyCount "101"]
[EventDate "1998.??.??"]
[EventType "team"]
[EventRounds "7"]
[EventCountry "YUG"]
[SourceTitle "EXT 1999"]
[Source "ChessBase"]
[SourceDate "1998.11.16"]
[SourceVersion "1"]
[SourceVersionDate "1998.11.16"]
[SourceQuality "1"]

1. d4 Nf6 2. c4 e6 3. Nc3 Bb4 4. Qc2 O-O 5. e4 c5 6. e5 cxd4 7. a3 dxc3 8. axb4
Ng4 9. Qxc3 d6 10. exd6 Qxd6 11. Nf3 $1 $16 (11. Be2 e5 12. b5 {... 1/2-1/2(56)
Glek,I-Shneider,A/Vilnius URS ch ym 1984} (12. f3 {... 1-0(34) Glek,I-Aseev,K/
Vilnius URS ch ym 1984})) 11... e5 12. c5 (12. h3 Nf6 13. Be3 $16) 12... Qe7
13. h3 Nf6 14. Bc4 (14. Qxe5 Qxe5+ 15. Nxe5 Re8 16. f4 Nc6 17. Bb5 Bd7 18. Bxc6
Bxc6 19. O-O $16) 14... Nc6 15. O-O e4 16. Nd4 Nxd4 17. Qxd4 Rd8 18. Qc3 Be6
19. Bg5 Bxc4 20. Qxc4 Qe5 21. Bxf6 $1 gxf6 $8 22. Ra3 Qd5 23. Rg3+ Kh8 24. Qc3
Qd4 25. Re1 a5 26. bxa5 Qxc3 27. Rxc3 Rxa5 28. Rxe4 Rd5 29. b4 Ra1+ 30. Kh2 Rb1
31. Rg3 Rg5 32. Rxg5 fxg5 33. Kg3 Kg7 34. Kg4 Kg6 35. Rd4 f6 36. Kf3 Kf5 37. h4
Rb3+ 38. Ke2 Rb2+ 39. Ke3 Rb3+ 40. Kd2 Rb2+ 41. Kc3 Rxf2 42. hxg5 Rxg2 43. gxf6
Kxf6 44. Rd7 b5 45. cxb6 Ke6 46. Rxh7 Kd5 47. b7 Rg3+ $1 48. Kb2 Rg8 49. Rc7 $8
Rb8 $8 50. b5 $8 Kd6 51. b6 $1 1-0

[Event "URS-ch46 First League"]
[Site "Ashkhabad"]
[Date "1978.??.??"]
[Round "2"]
[White "Kakageldyev, Amanmurad"]
[Black "Savon, Vladimir A"]
[Result "1/2-1/2"]
[WhiteElo "2415"]
[BlackElo "2560"]
[Annotator "Bulletin"]
[PlyCount "89"]
[EventDate "1978.10.??"]
[EventType "tourn"]
[EventRounds "17"]
[EventCountry "URS"]
[EventCategory "10"]
[SourceTitle "MCL"]
[Source "ChessBase"]
[SourceDate "1999.07.01"]
[SourceVersion "1"]
[SourceVersionDate "1999.07.01"]
[SourceQuality "1"]

1. d4 Nf6 2. c4 e6 3. Nc3 Bb4 4. Qc2 d6 5. Nf3 Nbd7 6. Bd2 b6 7. g3 Bb7 8. Bg2
O-O 9. O-O c5 10. dxc5 Nxc5 $1 11. Rfd1 Qe7 12. b3 Rac8 13. Qb2 e5 $15 14. Ne1
Rfd8 15. Nc2 Bxc3 16. Bxc3 Bxg2 17. Kxg2 Nce4 18. Be1 d5 19. f3 Nc5 20. b4 Nb7
21. cxd5 Nxd5 22. Kg1 Qe6 23. Rac1 Nd6 24. Qb3 Nc7 25. Qxe6 Nxe6 26. Na3 Rxc1
27. Rxc1 Kf8 28. Kf2 b5 29. Kf1 Ke7 30. Bf2 Rd7 31. Rc6 Rb7 32. Ke1 Kd7 33. Rc3
a6 34. Nb1 Rc7 $6 $10 (34... Nc4) 35. Rxc7+ Kxc7 36. Kd2 Nc4+ 37. Kc3 Kd6 38.
a4 f5 39. axb5 axb5 40. Kd3 Nb2+ 41. Kc2 Na4 42. Kd3 Kd5 43. Nd2 Nb2+ 44. Kc2
Nc4 45. e4+ 1/2-1/2

[Event "World Cup"]
[Site "Barcelona"]
[Date "1989.03.??"]
[Round "10"]
[White "Seirawan, Yasser"]
[Black "Hjartarson, Johann"]
[Result "1-0"]
[WhiteElo "2610"]
[BlackElo "2615"]
[Annotator "Bulletin"]
[PlyCount "119"]
[EventDate "1989.03.??"]
[EventType "tourn"]
[EventRounds "17"]
[EventCountry "ESP"]
[EventCategory "15"]
[SourceTitle "CBM 012"]
[Source "ChessBase"]
[SourceDate "1989.10.01"]
[SourceVersion "1"]
[SourceVersionDate "1989.10.01"]
[SourceQuality "1"]

1. d4 Nf6 2. c4 e6 3. Nc3 Bb4 4. Qc2 O-O 5. a3 Bxc3+ 6. Qxc3 b6 7. Bg5 {
Bulletin: 'Eine Übersicht über neuere Partien zu dieser Variante bietet:
Hjartarson,J-Salov,V/Amsterdam Euwe-mem/1989/0-1/38/ -> CBM 12'} c5 8. dxc5
bxc5 9. e3 Nc6 10. Bd3 {Bulletin: '10.Nf3'} Rb8 {Bulletin: '10...Qa5 (!)'} 11.
Nf3 {Bulletin: '11.0-0-0 (!)'} (11. O-O-O Qe7 {/\ 12...d5} 12. Ne2 d5 13. Bxf6
gxf6 14. Nf4 Rd8 (14... d4 15. exd4 Nxd4 16. Bxh7+ Kxh7 17. Qh3+ Kg7 18. Qg4+
Kh7 19. Rd3 Nf5 20. Rh3+ Nh6 21. Qh5 $18) 15. Qc2 $16) 11... h6 12. Bh4 d6 13.
O-O Qe7 14. Rfd1 {'+/=' Bulletin.} Rb6 {'?!' Bulletin.} 15. Rab1 a5 16. Bc2 Ba6
17. Bxf6 gxf6 18. Qd3 f5 19. Qxd6 Bxc4 20. Ne5 Ba2 21. Rbc1 Rd8 22. Nd7 Qxd6
23. Rxd6 Rxb2 24. Ba4 Rxd7 25. Rxd7 Ne5 26. Rd8+ Kg7 27. Rxc5 Bd5 28. h3 Ra2
29. Rc3 Nc4 30. Bb5 Nxa3 31. Bd3 a4 32. Rd7 Bb3 33. Rb7 Rd2 34. f3 h5 35. h4
Nc2 36. Bxc2 Rxc2 37. Rxc2 Bxc2 38. Kf2 Bb3 39. Ra7 Kg6 40. Ra6 Bc2 41. Kg3 Bb3
42. Kf2 Kg7 43. Ke1 f6 44. Ra7+ Kf8 45. Kd2 Kg8 46. Kc3 Kf8 47. Kb4 Kg8 48. Kc5
Kf8 49. Kd6 Ke8 50. Ra8+ Kf7 51. Kd7 Bc2 52. Kd6 Bb3 53. f4 Kg7 54. Ke7 Kg6 55.
Rg8+ Kh7 56. Rg3 a3 57. Kxf6 a2 58. Rg7+ Kh6 59. Ra7 Bd5 60. g3 1-0

[Event "World Cup"]
[Site "Skelleftea"]
[Date "1989.08.??"]
[Round "3"]
[White "Salov, Valery"]
[Black "Karpov, Anatoly"]
[Result "1/2-1/2"]
[WhiteElo "2645"]
[BlackElo "2755"]
[Annotator "Bulletin"]
[PlyCount "57"]
[EventDate "1989.08.??"]
[EventType "tourn"]
[EventRounds "15"]
[EventCountry "SWE"]
[EventCategory "16"]
[SourceTitle "CBM 014"]
[Source "ChessBase"]
[SourceDate "1990.02.01"]
[SourceVersion "1"]
[SourceVersionDate "1990.02.01"]
[SourceQuality "1"]

1. d4 Nf6 2. c4 e6 3. Nc3 Bb4 4. Qc2 O-O 5. a3 Bxc3+ 6. Qxc3 b6 7. Bg5 Bb7 8.
f3 h6 9. Bh4 d5 10. e3 Nbd7 11. cxd5 Nxd5 {'!' Bulletin. Bulletin:
'Polugaevskys Verteidigungsidee -> CBM12/S.85; Gurevich,M-Polugaevsky,L/New
York op/1989/1/2-1/2/; Olafsson,H-Polugaevsky,L/New York op/1989/1/2-1/2/'} 12.
Bxd8 Nxc3 13. Bxc7 (13. Bh4 Nd5 14. Bf2 c5 15. e4 Ne7 {Gurevich,M-Plugaevsky,L/
New York op/1989/1/2-1/2/ CBM12/S.85}) 13... Nd5 14. Bd6 Nxe3 15. Kf2 Nc2 16.
Rd1 Rfc8 17. Bb5 Nf6 18. Ne2 a6 19. Ba4 b5 20. Bb3 Bd5 21. Bxd5 Nxd5 22. Rd3
Rc6 23. Bc5 e5 24. b4 Nxd4 25. Nxd4 exd4 26. Rxd4 Nb6 27. Bxb6 Rxb6 28. Rc1 Re8
29. Rd3 1/2-1/2

[Event "Sportland NRW-Cup"]
[Site "Muenster"]
[Date "1993.??.??"]
[Round "4"]
[White "Dao, Thien Hai"]
[Black "Libeau, Rene"]
[Result "1-0"]
[WhiteElo "2565"]
[BlackElo "2425"]
[Annotator "Bulletin"]
[PlyCount "127"]
[EventDate "1993.12.26"]
[EventType "tourn"]
[EventRounds "11"]
[EventCountry "GER"]
[EventCategory "9"]
[SourceTitle "CBM 038 Extra"]
[Source "ChessBase"]
[SourceDate "1994.03.01"]
[SourceVersion "1"]
[SourceVersionDate "1994.03.01"]
[SourceQuality "1"]

1. d4 Nf6 2. c4 e6 3. Nc3 Bb4 4. Qc2 O-O 5. a3 Bxc3+ 6. Qxc3 b6 7. Bg5 c5 8.
dxc5 bxc5 9. Nf3 Nc6 10. Nd2 Rb8 11. e3 d5 12. Bd3 d4 13. exd4 Qxd4 14. Qxd4
Nxd4 15. Rb1 Nd7 16. O-O a5 (16... Ne5 $1 {wurde im Analyseraum von Bosboom
vorgeschlagen;der Springerzug sichert Schwarz vermutlich ausreichendes
Gegenspiel.} 17. Bf4 $6 (17. Be4 {war von Weiß auf 16. - Se5 geplant gewesen.}
f6 18. Be3 f5 19. Bxd4 cxd4) 17... Rxb2 $1 18. Rxb2 (18. Bxe5 Rxd2 $17) 18...
Nxd3 19. Bd6 Ne2+ 20. Kh1 Nxb2 21. Bxf8 Kxf8 22. Rb1 Nd3 23. Rb8 $140 Nxf2#)
17. Be7 Re8 18. Bd6 Rb6 19. Bc7 Ra6 20. Ne4 a4 21. Nd6 Rf8 22. Nb5 Bb7 23. Nxd4
cxd4 24. c5 Rc6 25. Bd6 Nxc5 $1 {In schwieriger Stellung stellt das
Qualitätsopfer wahrscheinlich des Schwarzen beste Chance dar - die
Entscheidung zur Komplizierung der Stellung wurde von  Schwarz trotz eigener
Zeitnot gewählt!} 26. Bxf8 Nxd3 27. Bb4 e5 28. b3 axb3 29. Rxb3 e4 30. Ba5 Bc8
31. Rb6 Rc4 32. Rd6 h6 33. Bb6 Nf4 34. Re1 d3 35. h3 Ne2+ 36. Kh2 Rc2 37. Ra1
Bb7 38. a4 Nc3 39. Be3 Nd5 40. a5 d2 41. Bxd2 Rxd2 42. a6 (42. Rb1 $1) 42...
Bxa6 43. Raxa6 Nc7 (43... e3 $1 44. fxe3 Nxe3 45. Rxd2 Nf1+ 46. Kg1 Nxd2 47.
Ra8+ Kh7 48. Ra4 f5 {Nach dem überraschenden Vorstoß des e-Bauern behält
Schwarz mit seinen drei vs zwei Bauern des Weißen bessere Remisaussichten als
in der Partie.}) 44. Rxd2 Nxa6 45. Rd8+ Kh7 46. Re8 Nc5 47. Re5 Nd3 48. Rxe4
Nxf2 49. Rf4 Nd3 50. Rxf7 Kg6 51. Rf1 Nc5 52. Kg3 Ne6 53. Kf3 Kf5 54. Ke3+ Kg5
55. g3 h5 56. Rb1 g6 57. Ke4 Ng7 58. Rb5+ Nf5 59. Kf3 Kf6 60. Rb6+ Kf7 61. Kf4
Nd4 62. Kg5 Nf3+ 63. Kh6 Ne5 64. Ra6 {Eine spannende Auseinandersetzung!} 1-0

[Event "BCF-ch 82nd"]
[Site "Swansea"]
[Date "1995.??.??"]
[Round "11"]
[White "Sadler, Matthew D"]
[Black "Levitt, Jonathan"]
[Result "1-0"]
[WhiteElo "2575"]
[BlackElo "2420"]
[Annotator "Bulletin"]
[PlyCount "89"]
[EventDate "1995.08.??"]
[EventType "swiss"]
[EventRounds "11"]
[EventCountry "WLS"]
[SourceTitle "EXT 1997"]
[Source "ChessBase"]
[SourceDate "1996.11.15"]
[SourceVersion "1"]
[SourceVersionDate "1996.11.15"]
[SourceQuality "1"]

1. d4 Nf6 2. c4 e6 3. Nc3 Bb4 4. Qc2 {This came as a surprise to Levitt but it
should not have. Sadler was Lautier's trainer in his FIDE Candidates Match
against Jan Timman and this variation, with Lautier white, was played several
times - so Sadler knew it very well.} O-O 5. a3 Bxc3+ 6. Qxc3 b6 7. Bg5 Bb7 8.
f3 c5 9. dxc5 bxc5 10. e3 a5 11. Bd3 a4 {By fixing White's queenside Black
hopes to prevent the game opening up too  much for the white bishops.} 12. Ne2
d6 13. O-O Nbd7 14. Qc2 h6 15. Bf4 Qe7 16. Rad1 d5 (16... Rfd8 17. Bxd6 Qxd6
18. Bh7+) (16... e5 17. Bg3 {intending Bf5, Bh4 Rd2 etc}) 17. Bg3 {Coming
round to f2 to protect e3 and possibly pressure c5.} Nb6 18. cxd5 exd5 19. Nc3
$1 Rfd8 (19... Qxe3+ 20. Bf2 Qe7 21. Rfe1 Qd6 22. Nb5 {is very good for White})
20. Rfe1 Ba6 21. Bxa6 Rxa6 22. Bh4 g5 23. Bg3 Qe6 $2 (23... Ra7 24. e4 d4 25.
Nd5 Nbxd5 26. exd5 Qf8 27. d6 Rc8 {with a big advantage} 28. Re5) 24. Bc7 {
Winning a pawn and the game} Rda8 25. Bxb6 Rxb6 26. Nxa4 Rxa4 {The best
practical chance} (26... Rc6 27. Nxc5) 27. Qxa4 Rxb2 28. Qa5 {The star move,
arranging a defence of the second rank with Rd2 to consolidate White's
advantage.} d4 (28... c4) 29. Rd2 (29. exd4 Qa2 30. Qa8+ Kg7 31. f4 Nd5 {
Winning was Black's devious idea}) 29... Rb3 30. Qxc5 Rxe3 31. Rf1 d3 32. Qd4
Nh5 33. Rxd3 Re2 34. Rd2 Nf4 35. Kh1 Re1 36. Qf2 {[#]} Re3 37. Ra1 Nd3 38. Qf1
Nc5 39. Rdd1 (39. a4 Nxa4) 39... Nb3 40. Rab1 Qf5 41. Qf2 Rc3 42. Qb6 Nc5 43.
Qxh6 f6 44. Rb8+ Kf7 45. Qh5+ {Matthew Sadler wins the 1995 British
Championship} 1-0

[Event "Tashkent FIDE GP (Women)"]
[Site "Tashkent"]
[Date "2013.09.29"]
[Round "10"]
[White "Koneru, Humpy"]
[Black "Nakhbayeva, Guliskhan"]
[Result "1-0"]
[WhiteElo "2607"]
[BlackElo "2307"]
[Annotator "CB"]
[PlyCount "83"]
[EventDate "2013.09.18"]
[EventType "tourn"]
[EventRounds "11"]
[EventCountry "UZB"]
[EventCategory "10"]
[SourceTitle "CBM 157"]
[Source "ChessBase"]
[SourceDate "2013.11.12"]
[SourceVersion "1"]
[SourceVersionDate "2013.11.12"]
[SourceQuality "1"]

1. d4 Nf6 2. c4 e6 3. Nc3 Bb4 4. Qc2 O-O 5. Nf3 b6 6. e4 d5 7. e5 Ne4 8. Bd3
Bb7 9. O-O Bxc3 10. bxc3 h6 $6 ({Das ist als schlecht bekannt. Vor etwas über
zehn Jahren hat Peter Leko den Weg zum Ausgleich gewiesen:} 10... c5 11. dxc5
Nd7 12. cxd5 exd5 13. cxb6 axb6 14. Be3 Qc7 15. Bd4 Ba6 16. Rfc1 Bxd3 17. Qxd3
Ra3 18. Qb5 {1/2-1/2 (18) Khalifman,A (2690)-Leko,P (2722) Moscow 2002}) 11.
Ba3 Re8 12. Bxe4 $146 dxe4 13. Nd2 Nc6 14. Rab1 f5 15. exf6 Qxf6 16. Rfe1 {
Hier und im weiteren Verlauf der Partie ist Koneru sorgsam darauf bedacht,
Schwarz auch nicht den Hauch von Gegenspiel zu geben. Anstatt den Bauern
sofort zu nehmen, bringt sie ihre Figuren in Position und pocht auf ihre
strukturellen Vorteile.} Na5 17. Bb4 Qg5 18. Re3 Rac8 19. h4 Qf5 (19... Qxh4 $2
20. Bxa5 bxa5 21. Rxb7) 20. Rbe1 Bc6 21. Bxa5 Qxa5 22. Nxe4 Qh5 23. Ng3 Qxh4
24. Qg6 Bd7 25. Nh5 Qg5 26. Qxg5 hxg5 {Schwarz hat eine schreckliche
Bauernstruktur und keinerlei Gegenspiel. Und so gewinnt Koneru ohne größere
Probleme.} 27. Rg3 Kf7 28. Rxg5 g6 29. Nf4 Rg8 30. Re3 Kf6 31. Rge5 Rce8 32.
Rf3 Ke7 33. Nd5+ Kd6 34. Nf6 Ref8 35. Nxg8 Rxg8 36. Rg5 Be8 37. c5+ Ke7 38. Re3
Kf6 39. Rge5 Bf7 40. c4 Rd8 41. Rf3+ Kg7 42. d5 1-0